| 000 | 00899nam a2200301Ia 4500 | ||
|---|---|---|---|
| 003 | OSt | ||
| 005 | 20221007125829.0 | ||
| 006 | a|||||r|||| 00| 0 | ||
| 007 | ta | ||
| 008 | 221006b |||||||| |||| 00| 0 eng d | ||
| 020 | _a9781862393035 (hbd) | ||
| 037 |
_b1308, 29/03/2011, Ashutosh Technical Books _cTextual |
||
| 040 |
_aDGL _cDGL _beng |
||
| 041 |
_2eng _aeng |
||
| 082 | _aH4, Q0 Carg | ||
| 100 |
_aKUSKY T M _9722622 |
||
| 245 | 0 |
_aEvolving continents _b XIAO W |
|
| 260 |
_aLONDON _bGSP _c2010 |
||
| 300 |
_aviivi,414 _ccm. |
||
| 500 | _aIndex409-414p | ||
| 650 |
_a plant techtonics _9722623 |
||
| 650 | _a science | ||
| 650 | _aGeology | ||
| 700 |
_a XIAO W _9722624 |
||
| 700 |
_a ZHAI M G Ed. _9722625 |
||
| 942 |
_hH4, Q0 Carg _cTEXL _2CC |
||
| 999 |
_c1215884 _d1215884 |
||